000 00581nam a22002057a 4500
003 KOHA_MİRAKIL
005 20260325133611.0
008 260325b tu ||||| |||| 00| 0 tur d
020 _a9786055765446
040 _aTR-AnABB
_btur
_cTR-AnABB
041 _atur
082 _a814.42
_bBIN 2009
100 1 _aBinyazar, Adnan
245 1 0 _aArdında leke bırakmamalı sevgi /
_cAdnan Binyazar
260 _aİstanbul :
_bpupa yayınları,
_c2009
300 _a271 sayfa :
_c20 cm
500 _aYazar imzalı
650 0 4 _aTürk edebiyatı,deneme
942 _2ddc
_cBK
999 _c10049
_d10049
900 _bCem ÖZOGLU